000 01010nam a2200289 a 4500
001 000019582
003 DO-SdBNP
005 20250501120733.0
007 ta
008 240705s1957 mx a 000 0 spa d
040 _aDO-SdBNP
_bspa
_cBNPHU
_erda
082 _bL848d
_222
100 _aLong, George
_eautor
_985977
245 1 0 _aDesenmascarando al consumismo :
_bnueva intervención del honorable George S. Long de Louisiana en la camara de representates de los Estados Unidos /
_cGeorge Long
264 _aCiudad no identificada :
_bCongrtessional,
_c1957.
300 _a11, paginas. ;
_c22 cm.
336 _2rdacontent
_atexto
_btxt
337 _2rdamedia
_asin mediación
_bn
338 _2rdacarrier
_avolumen
_bnc
534 _pTítulo original en inglés:
_tWorld population : the view ahead.
_c1974
590 _aInventariado, 2024/DG
650 0 _aDemografía
_945443
650 4 _aEstudios demográficos
_941998
650 4 _aIndicadores demográficos
_941997
910 _aDG
942 _2ddc
_cLF2
999 _c57190
_d57190